[Event "Bodo CC-ch"]
[Site "Bodo"]
[Date "2019.04.02"]
[Round "8"]
[White "Hansen, Tarjei Eck"]
[Black "Haukas, Magne"]
[Result "1-0"]
[WhiteElo "1462"]
[BlackElo "1493"]
[PlyCount "101"]
[EventDate "2019.01.29"]
[EventType "swiss"]
[EventRounds "8"]
[EventCountry "NOR"]
[SourceTitle "EXT 2024"]
[Source "ChessBase"]
[SourceDate "2023.10.10"]
[SourceVersion "1"]
[SourceVersionDate "2023.10.10"]
[SourceQuality "1"]

1. d4 d5 2. Nf3 Nf6 3. Bg5 Bf5 4. e3 e6 5. Nbd2 Be7 6. Ne5 h6 7. Bh4 0-0 8. Bd3 Bxd3 9. Nxd3 c5 10. dxc5 Nc6 11. c3 e5 12. b4 d4 13. cxd4 exd4 14. e4 Nxe4 15. Bxe7 Qxe7 16. 0-0 Nxd2 17. Qxd2 a6 18. Rfe1 Qf6 19. a4 Rad8 20. Re4 Kh8 21. Rae1 Rd7 22. Rf4 Qg5 23. b5 Ne7 24. h4 Qd5 25. Ne5 Rdd8 26. Qd3 f6 27. Nf3 Qxc5 28. Rxd4 Rxd4 29. Qxd4 Qxd4 30. Nxd4 Nd5 31. bxa6 bxa6 32. Re6 Rd8 33. Nf5 Nc7 34. Re7 Ne8 35. Ra7 Rd5 36. g4 Kh7 37. Rxa6 h5 38. f3 Nc7 39. Rc6 Na8 40. Rd6 Rxd6 41. Nxd6 Kg6 42. Kf2 Kh7 43. Ke3 Kg8 44. Kd4 Kf8 45. Kc5 Nc7 46. a5 Ne6+ 47. Kb6 Nd4 48. a6 Nxf3 49. gxh5 Ne5 50. a7 Nd7+ 51. Kc7 1-0

[Event "Bodo CC-ch"]
[Site "Bodo"]
[Date "2019.02.05"]
[Round "2"]
[White "Haukas, Magne"]
[Black "Longva, Oyvind Holmen"]
[Result "1-0"]
[WhiteElo "1493"]
[BlackElo "1381"]
[PlyCount "69"]
[EventDate "2019.01.29"]
[EventType "swiss"]
[EventRounds "8"]
[EventCountry "NOR"]
[SourceTitle "EXT 2024"]
[Source "ChessBase"]
[SourceDate "2023.10.10"]
[SourceVersion "1"]
[SourceVersionDate "2023.10.10"]
[SourceQuality "1"]

1. e4 c5 2. Nf3 d6 3. Bc4 Bg4 4. h3 Bh5 5. d3 Nc6 6. Be3 Nf6 7. g4 Bg6 8. Nh4 e5 9. Bg5 Be7 10. f4 exf4 11. Nxg6 hxg6 12. Bxf4 Qd7 13. Qf3 Nd4 14. Qg2 Nxg4 15. Nc3 Bh4+ 16. Kd2 Ne5 17. Bxe5 dxe5 18. Raf1 Bf6 19. Nd5 0-0-0 20. Nxf6 gxf6 21. Rxf6 Rh7 22. Rhf1 Rf8 23. Qg4 Qxg4 24. hxg4 Rh2+ 25. R1f2 Rxf2+ 26. Rxf2 f6 27. c3 Nc6 28. g5 f5 29. Be6+ Kd8 30. exf5 gxf5 31. Rxf5 Ke7 32. Rxf8 Kxf8 33. Bd5 Nd8 34. Ke3 b6 35. Ke4 1-0